00458 2200193 4500001002100000005001500021008004100036035002000077082000800097084001400105100002300119245003200142250000600174260003400180300001200214650001400226990001200240990001200252INLIS00000000000010320240502103824240502 0 ind  a0010-0424000079 a900 a900 ALB j aEndah, Alberthiene1 aJokowi /cAlberthiene Endah a1 aSolo :bTiga Serangkai,c2014 a276 hlm 4aNon Fiksi a0732545 a0732546